| 000 | 00363pam a2200157 a 4500 | ||
|---|---|---|---|
| 020 | _c | ||
| 041 | _h | ||
| 100 |
_aSTANLEY M DAVIS, _eAuthor |
||
| 245 |
_aMATRIX _cSTANLEY M DAVIS, _hTextual Documents |
||
| 250 | _a1st | ||
| 260 |
_amumbai _bBusiness Pub |
||
| 300 | _a235 | ||
| 653 | _aManagement | ||
| 700 |
_aPAUL R LAWRENCE _eCo-Author |
||
| 930 | _a3228 | ||
| 999 |
_c230626 _d230626 |
||